UBT Library

Projektimi i Villes dhe Analizat e Materialeve (Record no. 45567)

000 -LEADER
fixed length control field 00289nam a22001217a 4500
008 - FIXED-LENGTH DATA ELEMENTS--GENERAL INFORMATION
fixed length control field 180426b xxu||||| |||| 00| 0 eng d
041 ## - LANGUAGE CODE
Language code of text/sound track or separate title eng
080 ## - UNIVERSAL DECIMAL CLASSIFICATION NUMBER
Universal Decimal Classification number 043.3
100 ## - Rafti
Rafti 0
101 ## - Shkurtesa
Shkurtesa ARK-BA
245 ## - TITLE STATEMENT
Title Projektimi i Villes dhe Analizat e Materialeve
Statement of responsibility, etc Salihu, A
942 ## - ADDED ENTRY ELEMENTS (KOHA)
Source of classification or shelving scheme
Item type Books
Holdings
Withdrawn status Lost status Source of classification or shelving scheme Damaged status Not for loan Collection code Permanent location Current location Shelving location Date acquired Total Checkouts Full call number Barcode Date last seen Price effective from Koha item type
          Koleksioni i përgjithshem UBT - Lipjan UBT - Lipjan Disertacionet 04/26/2018   043.3 Salihu, A 2016 002-3003424 04/26/2018 04/26/2018 Books
          Koleksioni i përgjithshem UBT - Lipjan UBT - Lipjan Disertacionet 04/26/2018   043.3 Salihu, A 2016 002-3003418 04/26/2018 04/26/2018 Books
          Koleksioni i përgjithshem UBT - Lipjan UBT - Lipjan Disertacionet 04/26/2018   043.3 Salihu, A 2016 002-3003407 04/26/2018 04/26/2018 Books
          Koleksioni i përgjithshem UBT - Lipjan UBT - Lipjan Disertacionet 04/26/2018   043.3 Salihu, A 2016 002-3003406 04/26/2018 04/26/2018 Books
UBT Library © 2015-2024. All rights reserved University Education for Business and Technology